| 000 -LEADER |
| fixed length control field |
01368nam a2200265Ia 4500 |
| 001 - CONTROL NUMBER |
| control field |
16224 |
| 003 - CONTROL NUMBER IDENTIFIER |
| control field |
GE_BSU |
| 008 - FIXED-LENGTH DATA ELEMENTS--GENERAL INFORMATION |
| fixed length control field |
181216s||||||||xx |||||||||||||| ||und|| |
| 020 ## - INTERNATIONAL STANDARD BOOK NUMBER |
| International Standard Book Number |
978-9941-13-197-4 |
| 040 ## - CATALOGING SOURCE |
| Transcribing agency |
GE_BSU |
| 080 ## - UNIVERSAL DECIMAL CLASSIFICATION NUMBER |
| Universal Decimal Classification number |
338.22 |
| 100 ## - MAIN ENTRY--PERSONAL NAME |
| Personal name |
ჯოზეფ ჰასიდი, ალექსის-სტეფანოს კომსელისი, რევაზ გველესიანი,ელგუჯა მექვაბიშვილი,გაგნიძე ინეზა,ლეკვეიშვილი ეკა,ნაცვალაძე მარინა |
| 245 ## - TITLE STATEMENT |
| Title |
მეწარმეობის თეორიული საფუძვლები. ნაწ.3= Fundamentals of entrepreneurship |
| 245 ## - TITLE STATEMENT |
| Remainder of title |
დამხმ. სახელმძღვ. ნაწ.3 |
| 245 ## - TITLE STATEMENT |
| Statement of responsibility, etc. |
რედ. რევაზ გველესიანი, ჯამლეტ ჯანჯღავა |
| 260 ## - PUBLICATION, DISTRIBUTION, ETC. |
| Place of publication, distribution, etc. |
თბილისი |
| 260 ## - PUBLICATION, DISTRIBUTION, ETC. |
| Name of publisher, distributor, etc. |
თსუ-პირესუსის უნივერსიტეტი საბერძნეთი |
| 260 ## - PUBLICATION, DISTRIBUTION, ETC. |
| Date of publication, distribution, etc. |
2011 |
| 300 ## - PHYSICAL DESCRIPTION |
| Extent |
148გვ;26სმ. |
| 300 ## - PHYSICAL DESCRIPTION |
| Accompanying material |
ბიბლიოგრ.გვ:145-147 |
| 653 ## - INDEX TERM--UNCONTROLLED |
| Uncontrolled term |
ეკონომიკა |
| 653 ## - INDEX TERM--UNCONTROLLED |
| Uncontrolled term |
მეწარმეობა; ბიზნესი; |
| 942 ## - ADDED ENTRY ELEMENTS (KOHA) |
| Koha item type |
წიგნი |